| 000 | 00937nam0a22002411i 4500 | ||
|---|---|---|---|
| 001 | rc\4084419 | ||
| 005 | 20240724145807.0 | ||
| 021 |
_aRU _b[54-51038] |
||
| 035 | _a(NLR Aleph) 007969844 | ||
| 090 |
_a8452497 _c8452497 |
||
| 100 | _a20130415d1954 |||y0rusy50 ca | ||
| 101 | 0 | _arus | |
| 102 | _aRU | ||
| 105 | _ay d ||||| | ||
| 200 | 1 |
_aПолипы матки _e(Некоторые вопросы этиологии, клиники и лечения) _eАвтореферат дис. на соискание учен. степени кандидата мед. наук _fВторой Моск. гос. мед. ин-т им. И.В. Сталина |
|
| 210 |
_aМосква _d1954 |
||
| 215 |
_a15 с. _d20 |
||
| 333 | _aНа правах рукописи | ||
| 700 | 1 |
_aПирадова _bМ.Д. _gМария Дмитриевна |
|
| 801 | 0 |
_aRU _bNLR _gpsbo |
|
| 801 | 1 |
_aRU _bELAR _2rusmarc |
|
| 852 |
_aNLR _jМд70 Г-4/283 |
||
| 942 | _cBOOK | ||